| 000 | 00889nas a2200277 4500 | ||
|---|---|---|---|
| 001 | BR2010003233 | ||
| 003 | BR-BrBNA | ||
| 005 | 20231205114125.0 | ||
| 007 | ta | ||
| 008 | 230509b bl.|||p| |||| 00| 00por d | ||
| 040 |
_aBR-BrBNA _bpor _cBiblioteca Nacional de Agricultura |
||
| 041 | _a(Pt) | ||
| 072 | _aL10; L40 | ||
| 100 | 1 | _aToral, F.L.B. | |
| 100 | 1 | _aAlencar, M.M. de | |
| 100 | 1 | _aFreitas, A.R. de | |
| 245 | 1 | _aEstruturas de variância residual para estimação de funções de covariância para o peso de bovinos da raça Canchim | |
| 650 | _aGADO CANCHIM | ||
| 650 | _aGENÉTICA ANIMAL | ||
| 650 | _aPESO | ||
| 650 | _aESTRUTURA ANIMAL | ||
| 650 | _aHEREDITARIEDADE | ||
| 773 | 0 |
_tRevista Brasileira de Zootecnia (Brazil) _xISSN 1516-3598 _g(Nov 2009), v. 38(11) p. 2152-2160 _wBR2010003233 |
|
| 909 |
_a202311 _bLúcia _c55 _dLúcia Elande |
||
| 942 |
_2AGRIS _n0 _cANA |
||
| 999 |
_c207179 _d207179 |
||